000
00289nam a22001337a 4500
008
180314b xxu||||| |||| 00| 0 eng d
020
_a
9780471662631
041
_a
eng
080
_a
658
100
_a
54
101
_a
man
245
_a
operations mangement
_c
reid.r.d
942
_2
udc
_c
BK
999
_c
44995
_d
44995